<?xml version="1.0" encoding="UTF-8"?>
<record
    xmlns:xsi="http://www.w3.org/2001/XMLSchema-instance"
    xsi:schemaLocation="http://www.loc.gov/MARC21/slim http://www.loc.gov/standards/marcxml/schema/MARC21slim.xsd"
    xmlns="http://www.loc.gov/MARC21/slim">

  <leader>00815nam a2200181Ia 4500</leader>
  <controlfield tag="008">120626s9999    xx            000 0 und d</controlfield>
  <datafield tag="020" ind1=" " ind2=" ">
    <subfield code="a">978-84-252-2085-2</subfield>
  </datafield>
  <datafield tag="050" ind1="0" ind2="4">
    <subfield code="a">BF458 F6982 2005</subfield>
  </datafield>
  <datafield tag="245" ind1="1" ind2="0">
    <subfield code="a">Signos, s&#xED;mbolos, marcas, se&#xF1;ales: Elementos, morfolog&#xED;a, representaci&#xF3;n, significaci&#xF3;n</subfield>
    <subfield code="c">autor, Adrian Frutiger; traductor, Carles S&#xE1;nchez Rodrigo; versi&#xF3;n bibliogr&#xE1;fica, Joaquim Romaguera i Rami&#xF3;</subfield>
  </datafield>
  <datafield tag="260" ind1=" " ind2=" ">
    <subfield code="a">Espa&#xF1;a: Gustavo Gili</subfield>
  </datafield>
  <datafield tag="300" ind1=" " ind2=" ">
    <subfield code="a">286 paginas.</subfield>
  </datafield>
  <datafield tag="500" ind1=" " ind2=" ">
    <subfield code="a">Contiene: &#xED;ndice de contenido\ intento de sintesis92 ep&#xED;logo\ bibliograf&#xED;as\ traducci&#xF3;n de: Der Mensch und seine Zeichen</subfield>
  </datafield>
  <datafield tag="650" ind1="1" ind2="7">
    <subfield code="a">SIMBOLISMO - PSICOLOG&#xCD;A</subfield>
  </datafield>
  <datafield tag="650" ind1="1" ind2="7">
    <subfield code="a">SIMBOLOS</subfield>
  </datafield>
  <datafield tag="650" ind1="1" ind2="7">
    <subfield code="a">COMUNICACI&#xD3;N VISUAL</subfield>
  </datafield>
  <datafield tag="700" ind1="1" ind2=" ">
    <subfield code="a">S&#xC1;NCHEZ RODRIGO, Carles trad.\ ROMAGUERA I RAMIO, Joaquim ver. bibl.&#xCC;</subfield>
  </datafield>
  <datafield tag="942" ind1=" " ind2=" ">
    <subfield code="c">LB</subfield>
  </datafield>
  <datafield tag="952" ind1=" " ind2=" ">
    <subfield code="0">0</subfield>
    <subfield code="1">0</subfield>
    <subfield code="4">0</subfield>
    <subfield code="7">0</subfield>
    <subfield code="a">07</subfield>
    <subfield code="b">07</subfield>
    <subfield code="d">2011-11-03</subfield>
    <subfield code="l">0</subfield>
    <subfield code="o">BF458 F6982 2005</subfield>
    <subfield code="p">07 002524</subfield>
    <subfield code="r">2012-06-26</subfield>
    <subfield code="t">1</subfield>
    <subfield code="w">2012-06-26</subfield>
    <subfield code="y">LB</subfield>
  </datafield>
  <datafield tag="952" ind1=" " ind2=" ">
    <subfield code="0">0</subfield>
    <subfield code="1">0</subfield>
    <subfield code="4">0</subfield>
    <subfield code="7">0</subfield>
    <subfield code="a">07</subfield>
    <subfield code="b">07</subfield>
    <subfield code="d">2011-11-03</subfield>
    <subfield code="l">1</subfield>
    <subfield code="o">BF458 F6982 2005</subfield>
    <subfield code="p">07 002525</subfield>
    <subfield code="r">2014-04-23</subfield>
    <subfield code="s">2013-10-03</subfield>
    <subfield code="t">2</subfield>
    <subfield code="w">2012-06-26</subfield>
    <subfield code="y">LB</subfield>
  </datafield>
  <datafield tag="952" ind1=" " ind2=" ">
    <subfield code="0">0</subfield>
    <subfield code="1">0</subfield>
    <subfield code="4">0</subfield>
    <subfield code="7">0</subfield>
    <subfield code="a">07</subfield>
    <subfield code="b">07</subfield>
    <subfield code="d">2011-11-03</subfield>
    <subfield code="l">5</subfield>
    <subfield code="o">BF458 F6982 2005</subfield>
    <subfield code="p">07 002526</subfield>
    <subfield code="r">2016-09-30</subfield>
    <subfield code="s">2016-09-23</subfield>
    <subfield code="t">3</subfield>
    <subfield code="w">2012-06-26</subfield>
    <subfield code="y">LB</subfield>
  </datafield>
  <datafield tag="999" ind1=" " ind2=" ">
    <subfield code="c">67409</subfield>
    <subfield code="d">67409</subfield>
  </datafield>
</record>
